<?xml version="1.0" encoding="UTF-8"?>
<record
    xmlns:xsi="http://www.w3.org/2001/XMLSchema-instance"
    xsi:schemaLocation="http://www.loc.gov/MARC21/slim http://www.loc.gov/standards/marcxml/schema/MARC21slim.xsd"
    xmlns="http://www.loc.gov/MARC21/slim">

  <leader>01377nam a22002177a 4500</leader>
  <controlfield tag="003">OSt</controlfield>
  <controlfield tag="005">20250728161820.0</controlfield>
  <controlfield tag="008">240208s1993    ag ||||| |||| 00| 0 spa d</controlfield>
  <datafield tag="020" ind1=" " ind2=" ">
    <subfield code="a">9505341571</subfield>
  </datafield>
  <datafield tag="040" ind1=" " ind2=" ">
    <subfield code="c">besoc</subfield>
  </datafield>
  <datafield tag="100" ind1="1" ind2=" ">
    <subfield code="a">Bustinza, Juan Antonio</subfield>
    <subfield code="e">autor</subfield>
  </datafield>
  <datafield tag="245" ind1="1" ind2="0">
    <subfield code="a">Historia 4 :</subfield>
    <subfield code="b">Instituciones americanas: Prehisp&#xE1;nicas y coloniales : Sociedad y econom&#xED;a /</subfield>
    <subfield code="c">Juan Antonio Bustinza ; con la colaboraci&#xF3;n de Patricia Bustinza </subfield>
  </datafield>
  <datafield tag="250" ind1=" " ind2=" ">
    <subfield code="a">3a ed.</subfield>
  </datafield>
  <datafield tag="260" ind1=" " ind2=" ">
    <subfield code="a">Buenos Aires :</subfield>
    <subfield code="b">A-Z editora,</subfield>
    <subfield code="c">1993</subfield>
  </datafield>
  <datafield tag="300" ind1=" " ind2=" ">
    <subfield code="a">260 p.</subfield>
  </datafield>
  <datafield tag="490" ind1="0" ind2=" ">
    <subfield code="a">Serie Plata </subfield>
  </datafield>
  <datafield tag="505" ind1="0" ind2=" ">
    <subfield code="a">1. Am&#xE9;rica Ind&#xED;gena: Poblamiento Americano -- &#xC1;rea cultural mesoamericana -- &#xC1;rea cultural andina -- 2. Una aventura llamada Am&#xE9;rica -- La mirada puesta en el Atl&#xE1;ntico -- Choque de culturas -- 3. El imperio Hisp&#xE1;nico en Indias -- Instituciones de gobierno -- Evangelizaci&#xF3;n -- 4. Econom&#xED;a pol&#xED;tica en el nuevo mundo -- El producto de la tierra -- El comercio bajo los Habsburgo -- Las reformas borb&#xF3;nicas -- 5. Sociedad y cultura hispanoamericana -- La cultura de la conquista -- 6. El fin de la dominaci&#xF3;n Espa&#xF1;ola -- El Imperio Hisp&#xE1;nico se desmorona -- 7. Am&#xE9;rica Portuguesa y Brit&#xE1;nica -- Colonizaci&#xF3;n del Brasil -- Colonizaci&#xF3;n de Am&#xE9;rica del Norte.</subfield>
  </datafield>
  <datafield tag="650" ind1=" " ind2="4">
    <subfield code="a">Prehistoria</subfield>
    <subfield code="z">Am&#xE9;rica</subfield>
    <subfield code="z">Espa&#xF1;a</subfield>
    <subfield code="z">Colonizaci&#xF3;n</subfield>
  </datafield>
  <datafield tag="700" ind1="1" ind2=" ">
    <subfield code="a">Bustinza, Patricia </subfield>
    <subfield code="e">colaborador</subfield>
  </datafield>
  <datafield tag="942" ind1=" " ind2=" ">
    <subfield code="2">udc</subfield>
    <subfield code="c">LPD</subfield>
    <subfield code="n">0</subfield>
  </datafield>
  <datafield tag="999" ind1=" " ind2=" ">
    <subfield code="c">189</subfield>
    <subfield code="d">189</subfield>
  </datafield>
  <datafield tag="952" ind1=" " ind2=" ">
    <subfield code="0">0</subfield>
    <subfield code="1">0</subfield>
    <subfield code="2">udc</subfield>
    <subfield code="4">0</subfield>
    <subfield code="7">0</subfield>
    <subfield code="8">CG</subfield>
    <subfield code="a">ESOCIALES</subfield>
    <subfield code="b">ESOCIALES</subfield>
    <subfield code="d">2024-02-19</subfield>
    <subfield code="l">0</subfield>
    <subfield code="o">94(7+8) B982</subfield>
    <subfield code="p">000890</subfield>
    <subfield code="r">2024-02-19 00:00:00</subfield>
    <subfield code="t">2</subfield>
    <subfield code="w">2024-02-19</subfield>
    <subfield code="y">LPD</subfield>
  </datafield>
  <datafield tag="952" ind1=" " ind2=" ">
    <subfield code="0">0</subfield>
    <subfield code="1">0</subfield>
    <subfield code="2">udc</subfield>
    <subfield code="4">0</subfield>
    <subfield code="7">0</subfield>
    <subfield code="8">CG</subfield>
    <subfield code="a">ESOCIALES</subfield>
    <subfield code="b">ESOCIALES</subfield>
    <subfield code="d">2025-07-28</subfield>
    <subfield code="l">0</subfield>
    <subfield code="o">94(7+8) B980</subfield>
    <subfield code="p">000596</subfield>
    <subfield code="r">2025-07-28 16:17:39</subfield>
    <subfield code="t">1</subfield>
    <subfield code="w">2025-07-28</subfield>
    <subfield code="y">LPD</subfield>
  </datafield>
</record>
